000
00326nam a22001457a 4500
008
230414b ||||| |||| 00| 0 eng d
020
_a
9780673522948
041
_a
eng
080
_2
SIXTH EDITION
_a
37
082
_a
37LAN
100
_a
22
101
_a
EDUKIM
245
_a
TECHNICAL WRITING
_c
LANNON.M.J
942
_2
udc
_c
BK
999
_c
59546
_d
59546